000
00292nam a22001337a 4500
020
_a
81-207-2938-2
082
_a
920
_b
BED/A
100
_a
BEDI, KIRAN
245
_a
AS I SEE
260
_a
DELHI
_b
STERLING PUBLISHERS
300
_a
373
650
_a
PERSONALITY DEVELOPMENT
_z
DELHI
942
_c
BK
999
_c
5013
_d
5013